All 600k+ German cities - Statistics

General Stats
  • This quiz has been taken 17 times
  • The average score is 7 of 8
Answer Stats
Hint Answer % Correct
3.67m Berlin
100%
759k Frankfurt
100%
1.90m Hamburg
100%
1.48m Munich
100%
1.07m Cologne
94%
619k Düsseldorf
88%
626k Stuttgart
81%
601k Leipzig
69%
No matching quizzes found
Score Distribution
Percent of People with Each Score
Percentile by Number Answered
Your Score History
You have not taken this quiz